मानवता और इस्लाम/ (Record no. 205806)

MARC details
000 -LEADER
fixed length control field 00910nam a22001937a 4500
005 - DATE AND TIME OF LATEST TRANSACTION
control field 20240920153843.0
010 ## - LCCN (DPL NO)
LC control number HIN-128406
020 ## - INTERNATIONAL STANDARD BOOK NUMBER
Terms of availability 80.00
035 ## - SYSTEM CONTROL NUMBER
System control number HN-100752
037 ## - SOURCE OF ACQUISITION
Source of stock number/acquisition DBAD
082 ## - DEWEY DECIMAL CLASSIFICATION NUMBER
Classification number 280
100 ## - MAIN ENTRY--PERSONAL NAME
Personal name मुहम्मद अहमद
245 ## - TITLE STATEMENT
Title मानवता और इस्लाम/
Statement of responsibility, etc मुहम्मद अहमद द्वारा संकलित
260 ## - PUBLICATION, DISTRIBUTION, ETC. (IMPRINT)
Place of publication, distribution, etc नई दिल्ली
Name of publisher, distributor, etc एम. एम. आई. पब्लिशर्स
Date of publication, distribution, etc 2016
270 ## - ADDRESS
Address D-307, दावत नगर, अबुल-फजल एन्क्लेव, जामिया नगर, ओखला
City नई दिल्ली
Postal code 110025
Telephone number 011-26981652
-- 011-26984347
Electronic mail address mmipublishers@gmail.com
300 ## - PHYSICAL DESCRIPTION
Extent 144 पृ.
Dimensions 22 सेमी (अजिल्द)
700 ## - ADDED ENTRY--PERSONAL NAME
Personal name मुहम्मद अहमद
9 (RLIN) 71000
942 ## - ADDED ENTRY ELEMENTS (KOHA)
Source of classification or shelving scheme Dewey Decimal Classification
Item type Hindi Books
Classification part 280
Call number suffix अहम
Holdings
Withdrawn status Lost status Not for loan Collection code Home library Current library Date acquired Source of acquisition Cost, normal purchase price Full call number Barcode Copy number Cost, replacement price Koha item type
      Non-fiction Shahdara Branch Shahdara Branch 13/09/2024 DBAD 80.00 280 अहम HN-100752 1 80.00 Hindi Books

© Delhi Public Library
Hit Counter
free hit counter